5HLuxD.jpg

KING HENRY VIII SENIOR AND PRIMARY SCHOOL LIBRARY OPAC

Polar vortex and climate change / (Record no. 1883)

000 -LEADER
fixed length control field 01789cam a2200373 i 4500
001 - CONTROL NUMBER
control field 19419602
003 - CONTROL NUMBER IDENTIFIER
control field OSt
005 - DATE AND TIME OF LATEST TRANSACTION
control field 20230214081647.0
008 - FIXED-LENGTH DATA ELEMENTS--GENERAL INFORMATION
fixed length control field 161227s2017 miu b 001 0 eng
010 ## - LIBRARY OF CONGRESS CONTROL NUMBER
LC control number 2016058627
020 ## - INTERNATIONAL STANDARD BOOK NUMBER
International Standard Book Number 9781534100404 (paperback)
020 ## - INTERNATIONAL STANDARD BOOK NUMBER
Canceled/invalid ISBN 9781634729512 (PDF)
040 ## - CATALOGING SOURCE
Original cataloging agency DLC
Language of cataloging eng
Transcribing agency DLC
Description conventions rda
Modifying agency DLC
-- KH8
042 ## - AUTHENTICATION CODE
Authentication code pcc
043 ## - GEOGRAPHIC AREA CODE
Geographic area code r------
-- t------
082 00 - DEWEY DECIMAL CLASSIFICATION NUMBER
Classification number 551.50911 ORR
Edition number 23
100 1# - MAIN ENTRY--PERSONAL NAME
Personal name Orr, Tamra,
Relator term author.
245 10 - TITLE STATEMENT
Title Polar vortex and climate change /
Statement of responsibility, etc. Tamra B. Orr.
264 #1 - PRODUCTION, PUBLICATION, DISTRIBUTION, MANUFACTURE, AND COPYRIGHT NOTICE
Place of production, publication, distribution, manufacture Ann Arbor :
Name of producer, publisher, distributor, manufacturer Cherry Lake Publishing,
Date of production, publication, distribution, manufacture, or copyright notice 2017.
300 ## - PHYSICAL DESCRIPTION
Extent 32 pages :
Other physical details color illustrations ;
Dimensions 25 cm.
336 ## - CONTENT TYPE
Content type term text
Content type code txt
Source rdacontent
337 ## - MEDIA TYPE
Media type term unmediated
Media type code n
Source rdamedia
338 ## - CARRIER TYPE
Carrier type term volume
Carrier type code nc
Source rdacarrier
490 0# - SERIES STATEMENT
Series statement A modern perspectives book
504 ## - BIBLIOGRAPHY, ETC. NOTE
Bibliography, etc. note Includes bibliographical references and index.
505 0# - FORMATTED CONTENTS NOTE
Formatted contents note Julianna Parker, college student -- Jackson Miller, New Yorker -- Christopher Williams, coal miner -- Look, look again -- Glossary.
520 2# - SUMMARY, ETC.
Summary, etc. "This book relays the factual details of the 2014 polar vortex and climate change. The narrative provides multiple accounts of the event, and readers learn details through the point of view of a college student, New Yorker, and coal miner. The text offers opportunities to compare and contrast various perspectives while gathering and analyzing information about a modern event"--
Assigning source Provided by publisher.
650 #0 - SUBJECT ADDED ENTRY--TOPICAL TERM
Topical term or geographic name entry element Polar vortex
Form subdivision Juvenile literature.
650 #0 - SUBJECT ADDED ENTRY--TOPICAL TERM
Topical term or geographic name entry element Climatic changes
Form subdivision Juvenile literature.
650 #0 - SUBJECT ADDED ENTRY--TOPICAL TERM
Topical term or geographic name entry element Winter
General subdivision History
Chronological subdivision 21st century
Form subdivision Juvenile literature.
906 ## - LOCAL DATA ELEMENT F, LDF (RLIN)
a 7
b cbc
c orignew
d 1
e ecip
f 20
g y-gencatlg
942 ## - ADDED ENTRY ELEMENTS (KOHA)
Source of classification or shelving scheme
Koha item type Books - Non Ficton
Holdings
Withdrawn status Lost status Source of classification or shelving scheme Damaged status Not for loan Collection code Permanent Location Current Location Shelving location Date acquired Full call number Barcode Date last seen Price effective from Koha item type
          Non-Fiction KH8 Primary School Library KH8 Primary School Library Non Fiction 2023-02-14 551.50911 ORR KHPL000003612 2025-12-05 2023-02-14 Books - Non Ficton

Powered By KH8 IT Dept